Politique Française en A - Statistiques

Statistiques générales
  • Ce quiz a été pris 479 fois
  • Le résultat moyen est 7 sur 10
Statistiques - réponses
Hint Réponse % Correct
Maire de Lille depuis 2001 Martine Aubry
83%
Cessez-le-feu signé le 11 novembre 1918 en forêt de Compiègne Armistice
82%
Porte parole de Lutte Ouvrière, candidate à l’élection présidentielle en 2012, 2017 et 2022 Nathalie Arthaud
80%
Modification d’un projet ou d’une proposition de loi soumise au vote de l’Assemblée Nationale Amendement
79%
Agence de presse française reconnue à l’international, dont le siège est à Paris AFP
75%
Président-fondateur de l’Union Populaire Républicaine (UPR), partisan farouche du Frexit. François Asselineau
62%
Maire RN de Perpignan depuis 2020, ancien compagnon de Marine Le Pen Louis Aliot
62%
Ancien Maire de Nantes, il a été Premier Ministre sous la présidence de François Hollande Jean-Marc Ayrault
58%
Ville dont Christophe Béchu est le maire depuis 2014 (Interruption du 18/07/22 au 23/09/24) Angers
49%
Mouvement politique duquel se réclame le militant et théoricien français Pierre-Joseph Proudhon Anarchisme
47%
Aucun quiz correspondant
Distribution des résultats
% des personnes avec chaque résultat
Percentile par nombre de réponses
Votre historique - résultats
Vous n’avez pas pris ce quiz